One Direction-Tell Me a Lie (All Lyrics) - Statistics

General Stats
  • This quiz has been taken 48 times
  • The average score is 237 of 276
Answer Stats
Hint Answer % Correct
I
100%
a
97%
lie
97%
me
97%
Bridge: | Chorus: tell
97%
you
97%
and
91%
it
91%
kiss
91%
no
91%
that
91%
want
91%
your
91%
you're
91%
but
88%
ever
88%
I'm
88%
leaving
88%
my
88%
reason
88%
the
88%
up
88%
what
88%
baby
85%
distance
85%
don't
85%
listen
85%
mess
85%
need
85%
never
85%
so
85%
tonight
85%
he's
82%
how
82%
if
82%
screwed
82%
Pre-Chorus | Pre-Chorus: as
79%
missing
79%
say
79%
think
79%
Verse 1: can't
76%
every
76%
get
76%
in
76%
I've
76%
right
76%
time
76%
anything
73%
hard
73%
heart
73%
matter
73%
put
73%
this
73%
try
73%
again
70%
fight
70%
for
70%
good
70%
like
70%
spare
70%
words
70%
break
67%
of
67%
smile
67%
tired
67%
tried
67%
was
67%
been
64%
cut
64%
there
64%
knives
61%
keep
58%
take
58%
type
55%
well
55%
whats
52%
charming
48%
eye
48%
gets
48%
left
48%
mind
48%
must've
48%
twinkle
45%
little
42%
No matching quizzes found
Score Distribution
Percent of People with Each Score
Percentile by Number Answered
Your Score History
You have not taken this quiz